Normal view
MARC view
Entry Personal Name
001 - CONTROL NUMBER
- control field: 9253
003 - CONTROL NUMBER IDENTIFIER
- control field: ARRUPE
005 - DATE AND TIME OF LATEST TRANSACTION
- control field: 20140321161814.0
008 - FIXED-LENGTH DATA ELEMENTS
- fixed length control field: 140321|| aca||aabn | a|a d
040 ## - CATALOGING SOURCE
- Original cataloging agency: ARRUPE
- Transcribing agency: ARRUPE
100 ## - HEADING--PERSONAL NAME
- Personal name: Stiglitz, Joseph E.
670 ## - SOURCE DATA FOUND
- Source citation: Work cat.: (ARRUPE)0: Stiglitz, Joseph E., The price of inequality :, c2012.